| 000 | 00524nam a2200157 a 4500 | ||
|---|---|---|---|
| 001 | 000027080 | ||
| 005 | 20200930030605.0 | ||
| 008 | 110329s1984 dr 000 0 spa d | ||
| 040 |
_aDO-SdBNP _bspa _cBNPHU |
||
| 082 |
_axxxx _bC749i |
||
| 111 | 2 |
_aCongreso del Partido Comunista Dominicano _n(3o. : _d2009 mar. 16-18 : _cSanto Domingo) _954156 |
|
| 245 | 1 | 0 |
_aInforme del comité central saliente / _cpresentado por Narciso Isa Conde. |
| 260 |
_aSanto Domingo : _bTaller, _c1984. |
||
| 300 |
_a128 p. : _b21 cm. |
||
| 049 | _aBNPD | ||
| 999 |
_c26572 _d26572 |
||